Možnosti rozvíjania spirituálnej inteligencie

Guardado en:
Detalles Bibliográficos
Autor principal: Patková, Terézia, 1970- (Autor)
Otros Autores: Sawicki, Silvester (Orientador)
Formato: Manuscrito Libro
Lenguaje:eslovaco
Publicado: STU v Bratislave MTF UIPH, 2010
Acceso en línea:VAIS
Etiquetas: Agregar Etiqueta
Sin Etiquetas, Sea el primero en etiquetar este registro!

MARC

LEADER 00000ntm a22000003a 4500
001 stu207223
005 20160719160215.6
008 100710s2010------------------------slo-d
040 |a STU  |b slo 
041 0 |a slo 
100 1 |a Patková, Terézia,  |d 1970-  |4 aut  |X 57539  |7 A000057539 
242 0 0 |a Possibility of developing spiritual intelligence   |y eng 
245 1 |a Možnosti rozvíjania spirituálnej inteligencie 
260 |b STU v Bratislave MTF UIPH,  |c 2010 
700 1 |a Sawicki, Silvester  |4 ths  |u M310  |U MTF Ústav inžinierskej pedagogiky a humatitných vied  |T MTF Katedra humanitných vied  |U M310  |Y M310 
856 4 |a info a plný text  |u http://is.stuba.sk/zp/portal_zp.pl?podrobnosti=58810  |3 VAIS 
996 |c M*DP-9653  |l MMSKP  |s P  |a 0  |w stu207223_0001